000 00467nam a2200169Ia 4500
008 180921t2017 xxu||||| |||| 00| 0 sin d
041 _asin
080 _a809.14
_bAMA
100 _aAmarasinghe, Risiman
245 _aසිදත් සගරා විවරණ විමර්ශනය
246 _aSidath Sagara Viwaranaya
260 _bGodage
_aColombo
_c2017
300 _b144p, 21cm
942 _cBK
999 _c367
_d367
003 LK-CoDNM
040 _aLK-CoDNM
_dLK-CoDNM
_eLK-CoDNM